000 00809nam a2200253 a 4500
001 BRL_468
005 20190320210745.0
008 160813s19uu----gw-a######---#000-0#ger-#
041 _ager
044 _agw
050 4 _aPT8102
_b.A53 1900
100 1 _aAndersen, Hans Christian
_d1805-1875
_924005
245 1 0 _aAndersens Märchen
_cübersert von Gertrud Bauer, mit 6 farbigen und vielen schwarzen Bildern von Paul Hey.
260 _aStuttgart
_bK. Thienemann
_c[19--]
300 _a255 p.
_bil. (algunas a color)
_c24 cm.
500 _aAu628
500 _aEstado físico: Sin lomo, desprendimiento de páginas.
650 1 4 _aLiteratura Alemana
_96160
650 1 4 _aCuentos infantiles
_914926
700 1 _aBauer, Gertrud
_924006
700 1 _aHey, Paul
_eil.
_924007
902 _aGRL
942 _2lcc
_cB
999 _c9280
_d9280